La mecánica y el espíritu: Leonhard Euler y los orígenes del dualismo contemporáneo
Saved in:
| Hovedforfatter: | |
|---|---|
| Format: | Bog |
| Sprog: | spansk |
| Udgivet: |
Madrid
Complutense
1994
|
| Serier: | Colección Philosophica Cumplutensia, 5
|
| Fag: | |
| Tags: |
Tilføj Tag
Ingen Tags, Vær først til at tagge denne postø!
|
MARC
| LEADER | 00000nam a2200000 a 4500 | ||
|---|---|---|---|
| 001 | UCP2493 | ||
| 003 | CL-VaPUC | ||
| 008 | 990520e19940000SP |||||||||||||||||spa|d | ||
| 082 | 0 | 4 | |a 147.4 |b ARA |2 21 |
| 100 | 0 | |a Arana, Juan |e author |9 429277 | |
| 245 | 1 | 3 | |a La mecánica y el espíritu: Leonhard Euler y los orígenes del dualismo contemporáneo |
| 300 | |a 229 p | ||
| 942 | |c BK | ||
| 945 | |d 19990520 00:00:00 |a rbrito | ||
| 260 | |a Madrid |b Complutense |c 1994 | ||
| 600 | 0 | 7 | |a EULER, LEONHARD |2 CL-VaPUC |9 390764 |
| 650 | 7 | |a DUALISMO |2 CL-VaPUC |9 394451 | |
| 650 | 0 | |a Fe |9 308036 | |
| 650 | 0 | |a Razón |9 314475 | |
| 650 | 0 | |a Materia |9 265041 | |
| 650 | 0 | |a Espíritu |9 315904 | |
| 650 | 0 | |a Filosofía alemana |9 265002 | |
| 583 | |a last modification |c 19990520 00:00:00 |k Rodrigo Vera | ||
| 490 | 0 | |a Colección Philosophica Cumplutensia, 5 | |
| 999 | |c 281017 |d 281015 | ||
| 952 | |0 0 |1 0 |4 0 |6 147_400000000000000_ARA_1994 |7 0 |8 A |9 321614 |a BIBEDU |b BIBEDU |d 2019-11-20 |i 3509826 |o 147.4 ARA 1994 |p 3509826 |r 2019-11-20 |w 2019-11-20 |y BK |k FIL | ||